| 000 | 00925namaa2200313 i 4500 | ||
|---|---|---|---|
| 003 | EG-GICUC | ||
| 005 | 20251203112154.0 | ||
| 008 | 251203s1999 enk||||gr|||| 00| 1 eng d | ||
| 020 | _a0571194567 | ||
| 020 | _a9780571194568 | ||
| 040 |
_aEG-GiCUC _beng _cEG-GiCUC _dEG-GiCUC _erda |
||
| 043 | _ae-uk--- | ||
| 082 | 0 | 4 |
_221 _a823.914 _bK9684 |
| 092 | 0 | 4 |
_221 _a823.914 _bK9684 |
| 099 | _a823.914 K9684 | ||
| 100 | 1 |
_aKureishi, Hanif _eAuthor. |
|
| 245 | 1 | 0 |
_aMidnight all day / _cHanif Kureishi. |
| 264 |
_aLondon : _bFaber and Faber, _c1999. |
||
| 300 |
_a217 pages ; _c22 cm. |
||
| 336 |
_2rdacontent _atext |
||
| 337 |
_2rdamedia _aUnmediated |
||
| 338 |
_2rdacarrier _avolume |
||
| 504 | _a. | ||
| 541 |
_aDr. Jabir Usfour ; _bCairo ; _cGift ; _d2024. |
||
| 650 | 1 | _2qrmak | |
| 651 | 1 |
_2qrmak _aGreat Britain _vFiction. _xSocial life and customs _y20th century |
|
| 905 | _aAsmaa | ||
| 942 |
_2ddc _cBK _e21 _n0 |
||
| 999 |
_c176454 _d176454 |
||